[Event "First Saturday 2009 oktober GM"]
[Site "Budapest"]
[Date "2009.10.03"]
[Round "1"]
[White "Wittmann, Walter"]
[Black "Shankland, Samuel"]
[Result "0-1"]
[WhiteElo "2291"]
[BlackElo "2474"]
[PlyCount "56"]
[EventDate "2009.10.03"]

1. e4 c5 2. Nf3 d6 3. Nc3 a6 4. d4 cxd4 5. Nxd4 e6 6. a4 Nf6 7. a5 Be7 8. Be2
Qc7 9. O-O Nbd7 10. Nb3 b5 11. axb6 Nxb6 12. Na5 O-O 13. Be3 Rd8 14. Bd3 Rb8
15. Qe2 d5 16. Bd4 dxe4 17. Bxb6 Rxb6 18. Nxe4 Rxb2 19. Nc4 Rb4 20. Rab1 a5 21.
Rxb4 axb4 22. Nxf6+ Bxf6 23. Nd2 Bb7 24. Ne4 Be7 25. Qh5 g6 26. Qe2 Qe5 27. f4
Qd4+ 28. Nf2 Bd6 0-1

[Event "First Saturday 2009 oktober GM"]
[Site "Budapest"]
[Date "2009.10.03"]
[Round "1"]
[White "Erdelyi, Zombor"]
[Black "Solomon, Kenny"]
[Result "0-1"]
[WhiteElo "2380"]
[BlackElo "2369"]
[PlyCount "153"]
[EventDate "2009.10.03"]

1. e4 e5 2. Nf3 Nc6 3. Bb5 a6 4. Ba4 Nf6 5. d4 exd4 6. O-O Be7 7. e5 Ne4 8. Re1
Nc5 9. Bxc6 dxc6 10. Nxd4 Ne6 11. Nf5 Qxd1 12. Rxd1 Bf8 13. Nc3 Bd7 14. Be3
O-O-O 15. Ne4 h6 16. Rd2 g6 17. Nfg3 Bg7 18. Nf6 c5 19. Nge4 b6 20. Nxd7 Rxd7
21. Rxd7 Kxd7 22. f4 h5 23. Kf2 Ke7 24. Rd1 Rd8 25. Rxd8 Nxd8 26. c4 f6 27.
exf6+ Bxf6 28. Nxf6 Kxf6 29. Kf3 Nb7 30. Bf2 Nd6 31. b3 Ke6 32. h3 Nf7 33. g4
hxg4+ 34. hxg4 Nd6 35. Be3 Nf7 36. Bg1 Nd6 37. Be3 Nf7 38. Bf2 Nd6 39. Bg1 Nf7
40. Be3 Nd6 41. Kg3 Ne4+ 42. Kh4 c6 43. Bc1 b5 44. Bb2 bxc4 45. bxc4 Nd6 46.
Ba3 Nxc4 47. Bxc5 Nd2 48. Be3 Ne4 49. Kh3 Kd5 50. f5 gxf5 51. gxf5 Nd6 52. f6
Ke6 53. Bd4 Ne8 54. Kg4 Nxf6+ 55. Bxf6 Kxf6 56. Kf4 Ke6 57. Ke4 Kd6 58. Kd4 Kc7
59. Kc5 Kb7 60. Kc4 Kb6 61. Kb4 a5+ 62. Kc4 Kb7 63. Kc5 Kc7 64. Kd4 Kc8 65. Kc5
Kb7 66. Kd4 Kb6 67. Kc4 c5 68. Kd3 Kc7 69. Kc4 Kc6 70. Kc3 Kd5 71. Kd3 c4+ 72.
Kc3 Kc5 73. Kc2 Kd4 74. Kd2 c3+ 75. Kc2 Kc4 76. Kd1 Kd3 77. Kc1 0-1

[Event "First Saturday 2009 oktober GM"]
[Site "Budapest"]
[Date "2009.10.04"]
[Round "2"]
[White "Shankland, Samuel"]
[Black "Szabo, Krisztian"]
[Result "1-0"]
[WhiteElo "2474"]
[BlackElo "2489"]
[PlyCount "71"]
[EventDate "2009.10.03"]

1. d4 Nf6 2. Nf3 d5 3. c4 e6 4. e3 b6 5. cxd5 exd5 6. Nc3 Bb7 7. Bd3 Bd6 8. O-O
O-O 9. Ne5 c5 10. Nb5 Be7 11. Qf3 Nc6 12. Qh3 Ne4 13. Rd1 a6 14. Nc3 Nxe5 15.
dxe5 Qe8 16. f3 Bc8 17. g4 Ng5 18. Qg2 d4 19. exd4 cxd4 20. Ne4 h6 21. f4 Nh7
22. f5 Bb7 23. f6 Bc5 24. fxg7 Kxg7 25. Bxh6+ Kxh6 26. Qh3+ Kg7 27. Nd6 Qxe5
28. Qxh7+ Kf6 29. Qh6+ Ke7 30. Re1 Bxd6 31. Rxe5+ Bxe5 32. Qxb6 Bc8 33. Qc5+
Bd6 34. Qg5+ Kd7 35. Rc1 f6 36. Qd5 1-0

[Event "First Saturday 2009 oktober GM"]
[Site "Budapest"]
[Date "2009.10.04"]
[Round "2"]
[White "Fodor, Tamas Jr"]
[Black "Erdelyi, Zombor"]
[Result "1/2-1/2"]
[WhiteElo "2430"]
[BlackElo "2380"]
[PlyCount "95"]
[EventDate "2009.10.03"]

1. c4 e5 2. e3 Nf6 3. Nc3 Nc6 4. d4 exd4 5. exd4 d5 6. Bg5 Be7 7. Nf3 Bg4 8.
Be2 dxc4 9. Bxf6 Bxf6 10. d5 Bxf3 11. gxf3 Ne5 12. f4 Nd7 13. Bxc4 O-O 14. O-O
Bxc3 15. bxc3 Qf6 16. Qg4 Nb6 17. Bb3 a5 18. Rac1 Rfe8 19. c4 Re4 20. c5 Rxf4
21. Qg3 Nd7 22. c6 bxc6 23. Rxc6 Qe5 24. Rfc1 h5 25. h3 h4 26. Qe3 Re4 27. Qc3
a4 28. Bc4 Qg5+ 29. Kf1 Ne5 30. Bd3 Rf4 31. Rxc7 g6 32. Be2 Qf6 33. Qe3 Kh7 34.
d6 Rd8 35. Re7 Nf3 36. d7 Qf5 37. Kg2 Ng5 38. Bg4 Rxg4+ 39. hxg4 Qxg4+ 40. Kf1
h3 41. Qg3 Qh5 42. Kg1 Nf3+ 43. Kh1 Qd5 44. Qxh3+ Kg7 45. Re8 Ng5+ 46. Qg2 Nf3
47. Qh3 Ng5+ 48. Qg2 1/2-1/2

[Event "First Saturday 2009 oktober GM"]
[Site "Budapest"]
[Date "2009.10.04"]
[Round "2"]
[White "Varga, Zoltan"]
[Black "Czebe, Attila"]
[Result "1/2-1/2"]
[WhiteElo "2481"]
[BlackElo "2485"]
[PlyCount "37"]
[EventDate "2009.10.03"]

1. c4 e5 2. Nc3 Nf6 3. Nf3 Nc6 4. g3 Bb4 5. Nd5 Nxd5 6. cxd5 Nd4 7. Nxd4 exd4
8. Bg2 O-O 9. O-O d6 10. b3 Bc5 11. e3 Qg5 12. Bb2 Re8 13. Qc2 a6 14. Rfe1 Bf5
15. Qc4 h5 16. Qf1 Qg6 17. Qe2 Bg4 18. Bf3 Bxf3 19. Qxf3 1/2-1/2

[Event "First Saturday 2009 oktober GM"]
[Site "Budapest"]
[Date "2009.10.05"]
[Round "3"]
[White "Czebe, Attila"]
[Black "Wittmann, Walter"]
[Result "1/2-1/2"]
[WhiteElo "2485"]
[BlackElo "2291"]
[PlyCount "32"]
[EventDate "2009.10.03"]

1. d4 d5 2. c4 e6 3. Nc3 Nf6 4. cxd5 Nxd5 5. e4 Nxc3 6. bxc3 c5 7. Nf3 cxd4 8.
cxd4 Bb4+ 9. Bd2 Bxd2+ 10. Qxd2 O-O 11. Bc4 Nd7 12. O-O b6 13. Rad1 Bb7 14.
Rfe1 Rc8 15. Bb3 Qe7 16. Qf4 Rfd8 1/2-1/2

[Event "First Saturday 2009 oktober GM"]
[Site "Budapest"]
[Date "2009.10.05"]
[Round "3"]
[White "Szabo, Krisztian"]
[Black "Solomon, Kenny"]
[Result "1-0"]
[WhiteElo "2489"]
[BlackElo "2369"]
[PlyCount "137"]
[EventDate "2009.10.03"]

1. e4 e5 2. Nf3 Nc6 3. Bb5 a6 4. Ba4 Nf6 5. O-O Be7 6. Re1 b5 7. Bb3 d6 8. c3
O-O 9. h3 h6 10. d4 Re8 11. Nbd2 Bf8 12. Nf1 Bb7 13. Ng3 Na5 14. Bc2 Nc4 15. b3
Nb6 16. a4 d5 17. dxe5 dxe4 18. Qxd8 Raxd8 19. Nxe4 Nxe4 20. Bxe4 Bxe4 21. Rxe4
Rd1+ 22. Kh2 bxa4 23. bxa4 Bc5 24. Kg3 f5 25. Re2 Nc4 26. Kf4 Rf8 27. h4 g6 28.
a5 Rb8 29. Ra4 Nd6 30. Be3 Ne4 31. Bxc5 Nxc5 32. Rc4 Ne6+ 33. Ke3 c5 34. Rd2
Rxd2 35. Nxd2 Kf7 36. Ra4 Ke7 37. Ra1 Rb5 38. Nc4 Rb3 39. Kd2 Nf4 40. Kc2 Rb7
41. g3 Nd5 42. h5 Ke6 43. hxg6 Rg7 44. Rd1 Rxg6 45. Nb6 Ne7 46. Nd7 Kf7 47.
Nxc5 Rc6 48. Nb7 Rc7 49. Nd8+ Ke8 50. Ne6 Rc6 51. Rd6 Rxd6 52. exd6 Nc6 53.
Ng7+ Kd7 54. Nxf5 h5 55. Ng7 h4 56. gxh4 Kxd6 57. f4 Ke7 58. Nf5+ Kf6 59. Ne3
Nxa5 60. h5 Nc6 61. Ng4+ Kg7 62. f5 Nd8 63. c4 Nc6 64. Kc3 a5 65. c5 a4 66. Kc4
Kf7 67. f6 Kf8 68. h6 Kg8 69. Kc3 1-0

[Event "First Saturday 2009 oktober GM"]
[Site "Budapest"]
[Date "2009.10.06"]
[Round "4"]
[White "Fodor, Tamas Jr"]
[Black "Szabo, Krisztian"]
[Result "1-0"]
[WhiteElo "2430"]
[BlackElo "2489"]
[PlyCount "65"]
[EventDate "2009.10.03"]

1. d4 d5 2. c4 e6 3. Nc3 c6 4. e3 Nf6 5. b3 Nbd7 6. Nf3 Bd6 7. Bd3 e5 8. cxd5
Bb4 9. Qc2 e4 10. dxc6 Nb6 11. Bb5 O-O 12. Ne5 Nbd5 13. Bd2 Nxc3 14. cxb7 Bxb7
15. Bc6 Qb6 16. Bxb7 Qxb7 17. Bxc3 Rac8 18. Nc4 Nd5 19. Bd2 f5 20. O-O Be7 21.
f3 Bg5 22. Rae1 Qe7 23. fxe4 fxe4 24. Qd1 Qe6 25. Rxf8+ Rxf8 26. Rf1 Rc8 27.
Qe1 h6 28. Qg3 a6 29. h3 Qe7 30. Kh1 h5 31. Rf5 Bh4 32. Qg6 Nf6 33. g3 1-0

[Event "First Saturday 2009 oktober GM"]
[Site "Budapest"]
[Date "2009.10.06"]
[Round "4"]
[White "Varga, Zoltan"]
[Black "Esen, Baris"]
[Result "1/2-1/2"]
[WhiteElo "2481"]
[BlackElo "2494"]
[PlyCount "34"]
[EventDate "2009.10.03"]

1. e4 c5 2. Nf3 d6 3. d4 cxd4 4. Qxd4 Nd7 5. Nc3 Ngf6 6. e5 dxe5 7. Nxe5 e6 8.
Nxd7 Bxd7 9. Bg5 Bc6 10. Qh4 Be7 11. Bd3 h6 12. O-O O-O 13. Bc1 Qa5 14. Qg3 Nh5
15. Qg4 Nf6 16. Qg3 Nh5 17. Qg4 Nf6 1/2-1/2

[Event "First Saturday 2009 oktober GM"]
[Site "Budapest"]
[Date "2009.10.06"]
[Round "4"]
[White "Ilincic, Zlatko"]
[Black "Czebe, Attila"]
[Result "1/2-1/2"]
[WhiteElo "2474"]
[BlackElo "2485"]
[PlyCount "35"]
[EventDate "2009.10.03"]

1. e4 c5 2. Nf3 d6 3. c3 Nf6 4. d3 Nc6 5. g3 e5 6. Bg2 Be7 7. O-O O-O 8. Nbd2
b5 9. a4 b4 10. c4 Bg4 11. h3 Bxf3 12. Nxf3 Ne8 13. Be3 Nc7 14. h4 g6 15. Bh6
Re8 16. Bh3 Bf6 17. Kg2 Qe7 18. b3 1/2-1/2

[Event "First Saturday 2009 oktober GM"]
[Site "Budapest"]
[Date "2009.10.07"]
[Round "5"]
[White "Erdelyi, Zombor"]
[Black "Ilincic, Zlatko"]
[Result "1-0"]
[WhiteElo "2380"]
[BlackElo "2474"]
[PlyCount "99"]
[EventDate "2009.10.03"]

1. e4 c5 2. Nf3 d6 3. d4 cxd4 4. Nxd4 Nf6 5. Nc3 a6 6. Be3 e6 7. Be2 h5 8. Bg5
b5 9. Bf3 Ra7 10. a3 Be7 11. Qe2 Rc7 12. e5 dxe5 13. Qxe5 Nbd7 14. Qg3 h4 15.
Bxh4 Bb7 16. Bxb7 Rxb7 17. Nc6 Qc8 18. Nxe7 Kxe7 19. O-O-O Qc4 20. Qd6+ Ke8 21.
Bxf6 gxf6 22. Qxa6 Rc7 23. Qxb5 Qf4+ 24. Kb1 Qxf2 25. Qa4 Ra7 26. Qc6 Qc5 27.
Qxc5 Nxc5 28. Nb5 Rd7 29. h3 f5 30. Rxd7 Kxd7 31. Rd1+ Kc6 32. Nd4+ Kb6 33. Nf3
Rg8 34. Ne1 f6 35. b4 Ne4 36. Kb2 Rc8 37. Rd3 e5 38. Kb3 Kc6 39. c4 f4 40. a4
Rg8 41. b5+ Kc7 42. Kb4 Nf2 43. Rd5 f3 44. gxf3 Nxh3 45. c5 Rg1 46. b6+ Kc8 47.
c6 Rxe1 48. b7+ Kc7 49. Rd7+ Kxc6 50. b8=N+ 1-0

[Event "First Saturday 2009 oktober GM"]
[Site "Budapest"]
[Date "2009.10.07"]
[Round "5"]
[White "Esen, Baris"]
[Black "Wittmann, Walter"]
[Result "1/2-1/2"]
[WhiteElo "2494"]
[BlackElo "2291"]
[PlyCount "79"]
[EventDate "2009.10.03"]

1. d4 d5 2. c4 e6 3. Nf3 Nf6 4. Nc3 dxc4 5. e4 Bb4 6. Bg5 c5 7. e5 cxd4 8. Qa4+
Nc6 9. O-O-O Bd7 10. Ne4 Be7 11. exf6 gxf6 12. Bh4 Na5 13. Qc2 e5 14. Nxd4 exd4
15. Rxd4 Qb6 16. Rd6 Qb4 17. Rxd7 Kxd7 18. Be2 Kc7 19. Bg3+ Kb6 20. Nc3 Rad8
21. Rd1 Rxd1+ 22. Qxd1 Rd8 23. Qxd8+ Bxd8 24. Nd5+ Kc5 25. Nxb4 Kxb4 26. Bh5
Be7 27. Bxf7 Nc6 28. Bg8 h6 29. Bf4 Bf8 30. Bd2+ Kb5 31. b3 cxb3 32. axb3 Kc5
33. Kc2 b5 34. Kd3 a5 35. Be3+ Kd6 36. h3 Be7 37. Bf4+ Kc5 38. Be3+ Kd6 39.
Bf4+ Kc5 40. Bf7 {after 46 move} 1/2-1/2

[Event "First Saturday 2009 oktober GM"]
[Site "Budapest"]
[Date "2009.10.07"]
[Round "5"]
[White "Szabo, Krisztian"]
[Black "Varga, Zoltan"]
[Result "0-1"]
[WhiteElo "2489"]
[BlackElo "2481"]
[PlyCount "101"]
[EventDate "2009.10.03"]

1. e4 d5 2. exd5 Nf6 3. Nf3 Nxd5 4. d4 Bg4 5. h3 Bxf3 6. Qxf3 c6 7. c3 Nd7 8.
Nd2 e5 9. dxe5 Nxe5 10. Qe4 Qe7 11. Nc4 Nxc4 12. Qxe7+ Bxe7 13. Bxc4 Rd8 14.
O-O O-O 15. Rd1 Nb6 16. Bb3 Rxd1+ 17. Bxd1 Rd8 18. Bb3 c5 19. Kf1 h6 20. g3 Bg5
21. f4 Be7 22. Be3 Nd5 23. Bf2 Nf6 24. Re1 Kf8 25. Re2 h5 26. Kg2 b6 27. Bc4
Rd1 28. Kf3 Bd6 29. Be1 Bc7 30. Bd2 Rf1+ 31. Kg2 Ra1 32. a3 Rb1 33. Be3 Bd6 34.
Kf3 Rd1 35. Bd2 Rf1+ 36. Kg2 Rd1 37. Bb5 Rb1 38. Be1 h4 39. c4 hxg3 40. Bxg3 g6
41. Bh2 Nh5 42. Kf3 Bxf4 43. Bxf4 Rf1+ 44. Kg2 Rxf4 45. b4 Ng7 46. bxc5 bxc5
47. Rb2 Nf5 48. Re2 Nd6 49. Re5 Nxc4 50. Rxc5 Nxa3 51. Bd3 {after 33 move} 0-1

[Event "First Saturday 2009 oktober GM"]
[Site "Budapest"]
[Date "2009.10.07"]
[Round "5"]
[White "Solomon, Kenny"]
[Black "Fodor, Tamas Jr"]
[Result "1-0"]
[WhiteElo "2369"]
[BlackElo "2430"]
[PlyCount "109"]
[EventDate "2009.10.03"]

1. d4 d5 2. Nf3 Nf6 3. c4 c6 4. Nc3 e6 5. Bg5 Nbd7 6. e3 Qa5 7. cxd5 Nxd5 8.
Qd2 N7b6 9. Bd3 Nxc3 10. bxc3 Nd5 11. O-O Qxc3 12. Qe2 Qa3 13. Ne5 Qd6 14. Qf3
Qc7 15. Bd8 Kxd8 16. Nxf7+ Ke8 17. Nxh8 Nf6 18. Bxh7 Bd6 19. Bg6+ Ke7 20. h3
Bd7 21. Nf7 Bh2+ 22. Kh1 Be8 23. g3 Bxg3 24. fxg3 Bxf7 25. Bxf7 Kxf7 26. g4 Kg8
27. g5 Nh7 28. h4 Nf8 29. Qe4 Qd7 30. Rf3 Re8 31. Raf1 e5 32. dxe5 Qe6 33. Qf4
Ng6 34. Qf7+ Qxf7 35. Rxf7 Nxh4 36. Rxb7 Rxe5 37. g6 Nxg6 38. Rff7 Rh5+ 39. Kg1
Rg5+ 40. Kf1 Ne5 41. Rfc7 a5 42. Ra7 Nc4 43. Rxc6 Nxe3+ 44. Ke2 Nd5 45. Kf3 Nb4
46. Rc8+ Kh7 47. a3 Nd3 48. Rca8 Rb5 49. Rxa5 Rb3 50. Ke4 Kh6 51. Rh8+ Kg6 52.
Rh2 Nb2 53. Rg2+ Kh6 54. Ra6+ Kh7 55. Ra7 1-0

[Event "First Saturday 2009 oktober GM"]
[Site "Budapest"]
[Date "2009.10.08"]
[Round "6"]
[White "Varga, Zoltan"]
[Black "Solomon, Kenny"]
[Result "1/2-1/2"]
[WhiteElo "2481"]
[BlackElo "2369"]
[PlyCount "64"]
[EventDate "2009.10.03"]

1. c4 Nf6 2. Nc3 c5 3. e4 Nc6 4. Nge2 e6 5. d4 cxd4 6. Nxd4 Bb4 7. Qd3 d5 8.
exd5 exd5 9. Qe3+ Ne4 10. cxd5 O-O 11. dxc6 Re8 12. c7 Qxc7 13. Nde2 Bf5 14. a3
Nxc3 15. axb4 Rxe3 16. Bxe3 Nd5 17. Nd4 Nxb4 18. Rc1 Qa5 19. Bd2 Qe5+ 20. Be3
Qa5 21. Bd2 Re8+ 22. Kd1 Bg4+ 23. f3 Qd5 24. Rc4 Nc6 25. Nxc6 Bxf3+ 26. Kc1
bxc6 27. gxf3 Rd8 28. Rc2 Qa2 29. Rc3 Qa1+ 30. Kc2 Qa4+ 31. Kc1 Qa1+ 32. Kc2
Qa4+ 1/2-1/2

[Event "First Saturday 2009 oktober GM"]
[Site "Budapest"]
[Date "2009.10.08"]
[Round "6"]
[White "Ilincic, Zlatko"]
[Black "Esen, Baris"]
[Result "1-0"]
[WhiteElo "2474"]
[BlackElo "2494"]
[PlyCount "75"]
[EventDate "2009.10.03"]

1. d4 d5 2. c4 c6 3. Nf3 Nf6 4. e3 Bg4 5. h3 Bh5 6. Nc3 e6 7. g4 Bg6 8. Qb3 Qc7
9. Ne5 Nbd7 10. Nxg6 hxg6 11. Bg2 Be7 12. Bd2 Nb6 13. cxd5 exd5 14. O-O-O Nc4
15. Kb1 O-O 16. Bc1 a5 17. g5 a4 18. Nxa4 Nd7 19. e4 b5 20. Nc3 dxe4 21. Nxe4
Ra4 22. Qg3 Qb6 23. h4 Rfa8 24. Nc3 R4a7 25. h5 b4 26. hxg6 Na3+ 27. bxa3 bxc3+
28. Kc2 Bxg5 29. Qxg5 Rxa3 30. Rh8+ Kxh8 31. Qh5+ Kg8 32. Qh7+ Kf8 33. Qh8+ Ke7
34. Re1+ Kf6 35. Qh4+ Kxg6 36. Be4+ f5 37. Bxf5+ Kf7 38. Be6+ 1-0

[Event "First Saturday 2009 oktober GM"]
[Site "Budapest"]
[Date "2009.10.08"]
[Round "6"]
[White "Czebe, Attila"]
[Black "Erdelyi, Zombor"]
[Result "1-0"]
[WhiteElo "2485"]
[BlackElo "2380"]
[PlyCount "83"]
[EventDate "2009.10.03"]

1. e4 c5 2. Nf3 e6 3. d3 d5 4. Qe2 Ne7 5. h4 Nbc6 6. g3 dxe4 7. dxe4 Nd4 8.
Nxd4 cxd4 9. Bg2 Nc6 10. O-O e5 11. f4 exf4 12. Bxf4 Qb6 13. Kh2 Be7 14. Nd2
Be6 15. Nc4 Qc5 16. b3 O-O 17. e5 Bd5 18. Nd6 Bxg2 19. Qxg2 Nxe5 20. Nxb7 Ng4+
21. Kh1 Qb6 22. Rae1 Bb4 23. Re2 Ne3 24. Bxe3 dxe3 25. Rf5 g6 26. Re5 Rab8 27.
a3 Bc3 28. Re7 Bf6 29. Rd7 Be5 30. Rd5 Bxg3 31. Nc5 Qf6 32. Rxe3 Qxh4+ 33. Kg1
Bc7 34. Re4 Qf6 35. Nd7 Qa1+ 36. Qf1 Bb6+ 37. Kg2 Qxf1+ 38. Kxf1 Rfd8 39. c4
Kg7 40. Nxb8 Rxb8 41. c5 Bc7 42. Rd7 1-0

[Event "First Saturday 2009 oktober GM"]
[Site "Budapest"]
[Date "2009.10.09"]
[Round "7"]
[White "Erdelyi, Zombor"]
[Black "Shankland, Samuel"]
[Result "0-1"]
[WhiteElo "2380"]
[BlackElo "2474"]
[PlyCount "66"]
[EventDate "2009.10.03"]

1. e4 c5 2. Nf3 d6 3. d4 cxd4 4. Nxd4 Nf6 5. Nc3 e6 6. Be2 a6 7. Be3 Nbd7 8. f4
b5 9. Bf3 Bb7 10. a3 Qc7 11. f5 e5 12. Nb3 Be7 13. Qe2 Rc8 14. g4 d5 15. exd5
b4 16. axb4 Bxb4 17. Bd2 O-O 18. d6 Bxd6 19. Bxb7 Qxb7 20. Rf1 Nc5 21. Nxc5
Bxc5 22. g5 Nd7 23. O-O-O Bd4 24. g6 Rc6 25. Rf3 Nc5 26. gxh7+ Kh8 27. f6 e4
28. Qg2 Bxf6 29. Rxf6 Rxf6 30. Be3 Rb8 31. b3 Nxb3+ 32. cxb3 Qxb3 33. Bd4 Qa3+
0-1

[Event "First Saturday 2009 oktober GM"]
[Site "Budapest"]
[Date "2009.10.09"]
[Round "7"]
[White "Esen, Baris"]
[Black "Czebe, Attila"]
[Result "1/2-1/2"]
[WhiteElo "2494"]
[BlackElo "2485"]
[PlyCount "51"]
[EventDate "2009.10.03"]

1. d4 g6 2. Nf3 Bg7 3. g3 d5 4. Bg2 c6 5. O-O Nf6 6. b3 a5 7. Bb2 a4 8. b4 O-O
9. Nfd2 Na6 10. a3 Nc7 11. c4 dxc4 12. Nxc4 Be6 13. Nbd2 Nb5 14. e3 Bd5 15. Bh3
Ne4 16. Nxe4 Bxc4 17. Re1 Nd6 18. Nc5 Bb5 19. Qc2 e6 20. Rad1 Qe7 21. f4 Rfd8
22. Bg2 b6 23. Ne4 Nxe4 24. Bxe4 Rac8 25. Bd3 Qd7 26. Be2 1/2-1/2

[Event "First Saturday 2009 oktober GM"]
[Site "Budapest"]
[Date "2009.10.09"]
[Round "7"]
[White "Szabo, Krisztian"]
[Black "Ilincic, Zlatko"]
[Result "1-0"]
[WhiteElo "2489"]
[BlackElo "2474"]
[PlyCount "119"]
[EventDate "2009.10.03"]

1. e4 c5 2. Nf3 d6 3. d4 cxd4 4. Nxd4 Nf6 5. Nc3 a6 6. Be3 e6 7. Qd2 Bd7 8. f3
h5 9. O-O-O Nc6 10. Kb1 Be7 11. Nxc6 Bxc6 12. Ne2 d5 13. e5 Nd7 14. f4 Bb5 15.
f5 Nxe5 16. fxe6 fxe6 17. Nf4 Qd6 18. Bd4 Nc6 19. c4 dxc4 20. Bxg7 Qxd2 21.
Rxd2 Rh7 22. Nxe6 Kf7 23. Nc7 Rc8 24. Nxb5 Kxg7 25. Nd6 Bxd6 26. Rxd6 Ne5 27.
Re6 Rc5 28. Be2 Kf7 29. Rb6 Ke8 30. Rd1 h4 31. Rd4 h3 32. g3 Nc6 33. Rxc4 Rxc4
34. Bxc4 Re7 35. Kc2 Kd8 36. Kd2 Kc7 37. Rb3 b5 38. Bf1 Kb6 39. Re3 Rd7+ 40.
Kc1 Rf7 41. Bxh3 Rf2 42. Bd7 Nd4 43. h4 Rc2+ 44. Kb1 Rg2 45. Re1 Rxg3 46. Rh1
Kc7 47. Bh3 Rg6 48. h5 Rh6 49. Bg4 Kd6 50. Re1 a5 51. Kc1 a4 52. Kd2 Nc6 53.
Bd1 Ne5 54. Be2 Re6 55. Rh1 b4 56. h6 Nf7 57. h7 Nh8 58. Rh4 Re7 59. Bd3 Rb7
60. Rg4 1-0

[Event "First Saturday 2009 oktober GM"]
[Site "Budapest"]
[Date "2009.10.09"]
[Round "7"]
[White "Solomon, Kenny"]
[Black "Wittmann, Walter"]
[Result "1/2-1/2"]
[WhiteElo "2369"]
[BlackElo "2291"]
[PlyCount "101"]
[EventDate "2009.10.03"]

1. d4 d5 2. Nf3 Nf6 3. c4 e6 4. Nc3 dxc4 5. e4 Bb4 6. Bg5 c5 7. Bxc4 cxd4 8.
Nxd4 Bxc3+ 9. bxc3 Qa5 10. Bb5+ Bd7 11. Bxf6 gxf6 12. Bxd7+ Nxd7 13. O-O a6 14.
Rb1 Qc7 15. Qh5 Nc5 16. Rb4 Qe5 17. Qh6 Rc8 18. Nf3 Qxc3 19. Rd4 Ke7 20. e5 Nd7
21. Qh4 Rhg8 22. Kh1 b5 23. h3 Rc4 24. Rxd7+ Kxd7 25. Qxf6 Ke8 26. Ng5 Rxg5 27.
Qxg5 Qd3 28. Kg1 Rc2 29. Qg8+ Ke7 30. Qb8 Qd7 31. Qb6 Qc7 32. Qe3 Rxa2 33. Rd1
Ra4 34. Qg5+ Ke8 35. Qg8+ Ke7 36. Qg5+ Ke8 37. Rd6 b4 38. Qg8+ Ke7 39. Qg5+ Ke8
40. Rd4 Ra5 41. Qg8+ Ke7 42. Rxb4 Rxe5 43. g3 Qc1+ 44. Kh2 Rb5 45. Rf4 Rf5 46.
Rxf5 exf5 47. Qxh7 Qc5 48. Qh4+ Ke6 49. Qh6+ f6 50. Qd2 a5 51. h4 1/2-1/2

[Event "First Saturday 2009 oktober GM"]
[Site "Budapest"]
[Date "2009.10.09"]
[Round "7"]
[White "Fodor, Tamas Jr"]
[Black "Varga, Zoltan"]
[Result "1/2-1/2"]
[WhiteElo "2430"]
[BlackElo "2481"]
[PlyCount "119"]
[EventDate "2009.10.03"]

1. d4 d5 2. c4 c6 3. Nf3 Nf6 4. Nc3 dxc4 5. a4 Na6 6. e4 Bg4 7. Bxc4 Bxf3 8.
gxf3 e6 9. Be3 Nb4 10. O-O Be7 11. Kh1 O-O 12. Rg1 Kh8 13. Qf1 Nc2 14. Rd1 Nxe3
15. fxe3 a6 16. e5 Nd5 17. Nxd5 cxd5 18. Bd3 g6 19. Qh3 Rg8 20. Rg2 Qb6 21. Bc2
Rac8 22. Rdg1 Rg7 23. Qh6 Qxb2 24. Rb1 Qa2 25. Rxb7 Rxc2 26. Rxc2 Qxc2 27. Rxe7
Qf2 28. h4 Qxf3+ 29. Kh2 Qf2+ 30. Kh3 Qf3+ 31. Kh2 Rg8 32. Qf4 Qxf4+ 33. exf4
Kg7 34. Ra7 Rc8 35. Rxa6 Rc4 36. a5 Rxd4 37. Kg3 Rd3+ 38. Kg2 h6 39. Ra7 Re3
40. a6 g5 41. fxg5 hxg5 42. h5 Rxe5 43. h6+ Kxh6 44. Rxf7 Re4 45. Rf2 Rg4+ 46.
Kh3 Rh4+ 47. Kg3 Kg6 48. Ra2 Rh8 49. a7 Ra8 50. Kg4 Kf6 51. Ra5 d4 52. Kf3 e5
53. Ke4 g4 54. Rxe5 Rxa7 55. Rd5 Ra4 56. Kf4 Ke6 57. Rd8 g3 58. Kxg3 Ke5 59.
Kf3 Ra2 60. Rd7 1/2-1/2

[Event "First Saturday 2009 oktober GM"]
[Site "Budapest"]
[Date "2009.10.10"]
[Round "8"]
[White "Shankland, Samuel"]
[Black "Varga, Zoltan"]
[Result "1-0"]
[WhiteElo "2474"]
[BlackElo "2481"]
[PlyCount "69"]
[EventDate "2009.10.03"]

1. d4 d5 2. c4 c6 3. Nf3 Nf6 4. e3 Bg4 5. Qb3 Qb6 6. Nc3 Bxf3 7. gxf3 dxc4 8.
Bxc4 e6 9. e4 Nbd7 10. Be3 Qxb3 11. Bxb3 e5 12. O-O-O Bd6 13. dxe5 Bxe5 14. Ne2
Rd8 15. Rhg1 g6 16. f4 Bc7 17. e5 Ne4 18. Bc2 Nec5 19. Ng3 Bb6 20. f5 O-O 21.
Bg5 Nxe5 22. Bxd8 Bxd8 23. fxg6 fxg6 24. f4 Nf3 25. Rg2 Bb6 26. f5 Nh4 27. Re2
Nxf5 28. Nxf5 gxf5 29. Rg1+ Kh8 30. Rg5 Ne4 31. Bxe4 fxe4 32. Rxe4 h6 33. Rge5
Rf7 34. Re8+ Kh7 35. R4e7 1-0

[Event "First Saturday 2009 oktober GM"]
[Site "Budapest"]
[Date "2009.10.10"]
[Round "8"]
[White "Wittmann, Walter"]
[Black "Fodor, Tamas Jr"]
[Result "1/2-1/2"]
[WhiteElo "2291"]
[BlackElo "2430"]
[PlyCount "21"]
[EventDate "2009.10.03"]

1. e4 e5 2. Nf3 Nc6 3. Bb5 a6 4. Bxc6 dxc6 5. O-O Ne7 6. Nxe5 Qd4 7. Qh5 g6 8.
Nf3 Qxe4 9. Qa5 Bg4 10. Re1 Qd5 11. Qxc7 1/2-1/2

[Event "First Saturday 2009 oktober GM"]
[Site "Budapest"]
[Date "2009.10.10"]
[Round "8"]
[White "Ilincic, Zlatko"]
[Black "Solomon, Kenny"]
[Result "1/2-1/2"]
[WhiteElo "2474"]
[BlackElo "2369"]
[PlyCount "82"]
[EventDate "2009.10.03"]

1. d4 Nf6 2. c4 e6 3. Nf3 c5 4. d5 exd5 5. cxd5 d6 6. Nc3 g6 7. g3 Bg7 8. Bg2
O-O 9. O-O a6 10. a4 Re8 11. Nd2 Nbd7 12. a5 b5 13. axb6 Nxb6 14. e4 Rb8 15.
Qc2 Nfd7 16. Nd1 a5 17. Nf3 Ba6 18. Re1 Nc4 19. Ra2 Nce5 20. Nxe5 Nxe5 21. Re3
Bc4 22. b3 Bb5 23. f4 Ng4 24. Re1 Bd4+ 25. Kh1 f5 26. Bd2 fxe4 27. Rxe4 Nf6 28.
Re6 Rxe6 29. dxe6 Qe8 30. f5 gxf5 31. Qxf5 a4 32. Bg5 axb3 33. Rd2 Qg6 34.
Qxg6+ hxg6 35. Rxd4 Nh7 36. Rxd6 Nxg5 37. e7 Kf7 38. Bd5+ Kxe7 39. Rxg6 Be2 40.
Rxg5 Bxd1 41. Bxb3 Rxb3 1/2-1/2

[Event "First Saturday 2009 oktober GM"]
[Site "Budapest"]
[Date "2009.10.10"]
[Round "8"]
[White "Czebe, Attila"]
[Black "Szabo, Krisztian"]
[Result "1/2-1/2"]
[WhiteElo "2485"]
[BlackElo "2489"]
[PlyCount "80"]
[EventDate "2009.10.03"]

1. d4 d5 2. c4 e6 3. Nf3 Nf6 4. e3 b6 5. cxd5 exd5 6. Bd3 Bb7 7. O-O Bd6 8. Nc3
O-O 9. Qc2 a6 10. e4 dxe4 11. Nxe4 Nxe4 12. Bxe4 Bxe4 13. Qxe4 Nd7 14. Bg5 Qe8
15. Qc6 f6 16. Bh4 Rc8 17. Bg3 Nb8 18. Qc4+ Qf7 19. Qxf7+ Kxf7 20. Bxd6 cxd6
21. Rac1 d5 22. Rfd1 Ke6 23. Ne1 Kd6 24. Nc2 g6 25. Ne3 Rxc1 26. Rxc1 Nc6 27.
Re1 Nb4 28. a3 Nd3 29. Re2 Rc8 30. h4 Rc1+ 31. Kh2 Rb1 32. Ng4 f5 33. Nf6 Rxb2
34. Ne8+ Kd7 35. Nf6+ Kd6 36. Ne8+ Kc6 37. Re7 Nxf2 38. Rxh7 Rb3 39. Nf6 Nd3
40. Rh6 Kd6 1/2-1/2

[Event "First Saturday 2009 oktober GM"]
[Site "Budapest"]
[Date "2009.10.10"]
[Round "8"]
[White "Erdelyi, Zombor"]
[Black "Esen, Baris"]
[Result "0-1"]
[WhiteElo "2380"]
[BlackElo "2494"]
[PlyCount "83"]
[EventDate "2009.10.03"]

1. e4 c5 2. Nf3 d6 3. d4 cxd4 4. Nxd4 Nf6 5. Nc3 a6 6. Be3 e5 7. Nb3 Be6 8. f3
h5 9. Nd5 Bxd5 10. exd5 Nbd7 11. c4 g6 12. Qd2 b6 13. Be2 Bg7 14. O-O O-O 15.
Bh6 a5 16. Bxg7 Kxg7 17. Qg5 Nh7 18. Qg3 Qg5 19. Qxg5 Nxg5 20. h4 Nh7 21. Nd2
f5 22. b3 Nhf6 23. a3 Rfe8 24. Rfe1 Kh6 25. Bd3 Ra7 26. Rac1 Nc5 27. Bc2 a4 28.
b4 Nb3 29. Bxb3 axb3 30. Rb1 Rxa3 31. Rxb3 Ra2 32. Nb1 Rc8 33. Na3 g5 34. Nb5
Ne8 35. Rc3 Rb2 36. Nxd6 Nxd6 37. Rxe5 Rxc4 38. Re6+ Kg7 39. Rd3 gxh4 40. Rxd6
Rc1+ 41. Kh2 Rbb1 42. Rd7+ 0-1